Study of growth characteristics and yield attributes of indigenous and high yielding varieties of Rice in Aman season / (Record no. 15014)

MARC details
000 -LEADER
fixed length control field 01207nam a22003017a 4500
001 - CONTROL NUMBER
control field BD-DhSAU# 14267
003 - CONTROL NUMBER IDENTIFIER
control field BD-DhSAU
005 - DATE AND TIME OF LATEST TRANSACTION
control field 20200310164011.0
008 - FIXED-LENGTH DATA ELEMENTS--GENERAL INFORMATION
fixed length control field 150420b2017 bg ||||| m||| 00| 0 eng d
040 ## - CATALOGING SOURCE
Original cataloging agency BD-DhSAU
082 ## - DEWEY DECIMAL CLASSIFICATION NUMBER
Edition number 22
Classification number 580
Item number Is41
100 ## - MAIN ENTRY--PERSONAL NAME
Personal name Islam , Ariful
Relator term Registration # 12-04900
245 ## - TITLE STATEMENT
Title Study of growth characteristics and yield attributes of indigenous and high yielding varieties of Rice in Aman season /
Remainder of title MS thesis
Statement of responsibility, etc. Ariful Islam
260 ## - PUBLICATION, DISTRIBUTION, ETC. (IMPRINT)
Place of publication, distribution, etc. Sher-e-Bangla Agricultural University :
Name of publisher, distributor, etc. Department of Agricultural Botany,
Date of publication, distribution, etc. 2017.
300 ## - PHYSICAL DESCRIPTION
Extent xi, 72 p. ;
Dimensions 30 cm.
500 ## - GENERAL NOTE
General note MS thesis, Department of Agricultural Botany, Faculty of Agriculture, Sher-e-Bangla Agricultural University, Dhaka
504 ## - BIBLIOGRAPHY, ETC. NOTE
Bibliography, etc Includes bibliographical reference.
590 ## - Name of Cataloguer
Name of Cataloger Shofi
650 ## - SUBJECT ADDED ENTRY--TOPICAL TERM
Topical term or geographic name as entry element Agricultural Botany
650 ## - SUBJECT ADDED ENTRY--TOPICAL TERM
Topical term or geographic name as entry element Growth characteristic
650 ## - SUBJECT ADDED ENTRY--TOPICAL TERM
Topical term or geographic name as entry element Indigenous and high yielding varieties
650 ## - SUBJECT ADDED ENTRY--TOPICAL TERM
Topical term or geographic name as entry element Rice
650 ## - SUBJECT ADDED ENTRY--TOPICAL TERM
Topical term or geographic name as entry element Aman season
700 ## - ADDED ENTRY--PERSONAL NAME
Personal name Akther , Nasima
Relator term Superviser
700 ## - ADDED ENTRY--PERSONAL NAME
Personal name Haque , Md. Moinul
Relator term Co-superviser
856 ## - ELECTRONIC LOCATION AND ACCESS
Uniform Resource Identifier <a href=" http://archive.saulibrary.edu.bd:8080/xmlui/handle/123456789/3146"> http://archive.saulibrary.edu.bd:8080/xmlui/handle/123456789/3146</a>
Link text Online Access
942 ## - ADDED ENTRY ELEMENTS (KOHA)
Source of classification or shelving scheme Dewey Decimal Classification
Koha item type MS Level Thesis
Holdings
Withdrawn status Lost status Source of classification or shelving scheme Damaged status Not for loan Collection code Home library Branch Name Date acquired Total Checkouts Full call number Barcode Date last seen Price effective from Koha item type
    Dewey Decimal Classification   Not For Loan Reference SAU Library SAU Library 11/02/2020   580 Is41 41805 10/03/2020 10/03/2020 MS Level Thesis